[Event "Rio de Janeiro Masters op"]
[Site "Rio de Janeiro"]
[Date "2006.05.20"]
[Round "5"]
[White "Guimaraes, Wagner Peixoto"]
[Black "Schiavo, Marcelo"]
[Result "1/2-1/2"]
[WhiteElo "2248"]
[BlackElo "2067"]
[PlyCount "54"]
[EventDate "2006.05.13"]
[EventType "swiss"]
[EventRounds "7"]
[EventCountry "BRA"]
[SourceTitle "EXT 2007"]
[Source "ChessBase"]
[SourceDate "2006.11.23"]
[SourceVersion "1"]
[SourceVersionDate "2006.11.23"]
[SourceQuality "1"]

1. e4 c5 2. Nf3 d6 3. d4 cxd4 4. Nxd4 Nf6 5. Nc3 a6 6. Bg5 e6 7. f4 Qc7 8. Qf3 Nbd7 9. 0-0-0 b5 10. e5 Bb7 11. Qh3 dxe5 12. Nxe6 fxe6 13. Qxe6+ Be7 14. Nxb5 axb5 15. Bxb5 0-0-0 16. Qxe7 h6 17. Bxf6 Nxf6 18. Qxc7+ Kxc7 19. fxe5 Ng4 20. e6 Bc6 21. Bxc6 Kxc6 22. Rde1 Rd5 23. h3 Nf6 24. b3 Rc8 25. Re2 Kd6 26. c4 Ke7 27. Kb2 Rd3 1/2-1/2

[Event "BRA-ch sf1"]
[Site "Rio de Janeiro"]
[Date "2002.10.??"]
[Round "5"]
[White "De Souza Haro, Paulo Cezar"]
[Black "Schiavo, Marcelo"]
[Result "1-0"]
[WhiteElo "2230"]
[BlackElo "2089"]
[PlyCount "49"]
[EventDate "2002.10.??"]
[EventType "swiss"]
[EventRounds "7"]
[EventCountry "BRA"]
[SourceTitle "EXT 2006"]
[Source "ChessBase"]
[SourceDate "2005.11.24"]
[SourceVersion "1"]
[SourceVersionDate "2005.11.24"]
[SourceQuality "1"]

1. d4 Nf6 2. c4 e6 3. g3 d5 4. Nf3 Be7 5. Bg2 0-0 6. 0-0 dxc4 7. Nbd2 c5 8. Nxc4 Nc6 9. dxc5 Bxc5 10. a3 Qxd1 11. Rxd1 Re8 12. b4 Be7 13. Bb2 Nd5 14. e4 Nb6 15. Nxb6 axb6 16. Bf1 f6 17. e5 Nxe5 18. Nxe5 fxe5 19. Bxe5 Rd8 20. Rxd8+ Bxd8 21. Bb5 Bf6 22. f4 Kf8 23. Rc1 Bd8 24. Rc3 Kf7 25. Rd3 1-0

[Event "BRA-ch sf1"]
[Site "Rio de Janeiro"]
[Date "2002.10.??"]
[Round "2"]
[White "Schiavo, Marcelo"]
[Black "Campelo, Leandro Fabricio"]
[Result "0-1"]
[WhiteElo "2089"]
[BlackElo "2238"]
[PlyCount "118"]
[EventDate "2002.10.??"]
[EventType "swiss"]
[EventRounds "7"]
[EventCountry "BRA"]
[SourceTitle "EXT 2006"]
[Source "ChessBase"]
[SourceDate "2005.11.24"]
[SourceVersion "1"]
[SourceVersionDate "2005.11.24"]
[SourceQuality "1"]

1. Nf3 Nf6 2. d4 g6 3. g3 Bg7 4. Bg2 0-0 5. 0-0 d6 6. c4 Nc6 7. Nbd2 e5 8. d5 Ne7 9. e4 Ne8 10. Ne1 f5 11. f3 Nf6 12. Nd3 Rf7 13. b4 Bh6 14. Nb3 Qf8 15. c5 fxe4 16. fxe4 Bg4 17. Qe1 Qg7 18. Na5 b6 19. cxd6 cxd6 20. Nc6 Bxc1 21. Nxe7+ Rxe7 22. Rxc1 Bd7 23. Rf3 Bb5 24. Nf2 Rf8 25. Bh3 Qh6 26. Rfc3 Kg7 27. Rc7 Rff7 28. Rxe7 Rxe7 29. Rc3 Ne8 30. Kg2 Qg5 31. Qc1 Qxc1 32. Rxc1 Rc7 33. Rxc7+ Nxc7 34. Kf3 Bc4 35. a3 Nb5 36. a4 Nc3 37. Bd7 Bb3 38. a5 Na2 39. axb6 axb6 40. b5 Nc3 41. Ke3 Bc4 42. Kd2 Nxb5 43. Nd1 Nd4 44. Kc3 Be2 45. Nb2 b5 46. Kb4 Kf6 47. Ka5 Ke7 48. Bc6 g5 49. Kb6 h5 50. h4 gxh4 51. gxh4 Bf3 52. Bxb5 Bxe4 53. Bc6 Nf5 54. Kc7 Nxh4 55. Nc4 Nf5 56. Nb6 h4 57. Nc8+ Kf6 58. Nxd6 Nxd6 59. Kxd6 h3 0-1

[Event "Rio de Janeiro masters op"]
[Site "Rio de Janeiro"]
[Date "1999.07.15"]
[Round "4"]
[White "Schiavo, Marcelo"]
[Black "Chaves, Jorge Antonio Torre"]
[Result "0-1"]
[WhiteElo "1820"]
[BlackElo "2131"]
[PlyCount "96"]
[EventDate "1999.07.10"]
[EventType "swiss"]
[EventRounds "7"]
[EventCountry "BRA"]
[SourceTitle "EXT 2003"]
[Source "ChessBase"]
[SourceDate "2002.11.25"]
[SourceVersion "1"]
[SourceVersionDate "2002.11.25"]
[SourceQuality "1"]

1. Nf3 Nf6 2. g3 d5 3. Bg2 g6 4. d3 Bg7 5. Nbd2 Nbd7 6. c4 c6 7. Rb1 0-0 8. 0-0 a5 9. b3 e5 10. cxd5 Nxd5 11. Bb2 Qc7 12. Qc1 Re8 13. a3 f5 14. Rd1 Bh6 15. e4 fxe4 16. dxe4 N5b6 17. Qc2 Bg7 18. Nc4 Nxc4 19. Qxc4+ Kh8 20. Nd2 Nb6 21. Qe2 Be6 22. Bf1 Qf7 23. Nc4 Nxc4 24. bxc4 Qe7 25. Qe3 Red8 26. Qb6 Rxd1 27. Rxd1 Bg4 28. Rd3 Bf6 29. Rb3 Bc8 30. a4 Ra6 31. Qe3 c5 32. Ba3 Rc6 33. Rb5 b6 34. Rxb6 Rxb6 35. Bxc5 Bg5 36. Qa3 Rb1 37. h4 Qd7 38. Bd4 Be7 39. Bxe5+ Kg8 40. Qf3 Qd1 41. Qxd1 Rxd1 42. Kg2 Bd7 43. Bc3 Bb4 44. Be2 Rc1 45. Bd4 Bxa4 46. Be3 Re1 47. Bg4 Bc6 48. Bf3 Kf8 0-1